000 00372nam a2200145Ia 4500
008 150201s1994 xx 000 0 und d
082 _a610
_bI1994M
100 _aMACKLES,ROGER M.
245 _aINTRODUCTION TO CLINICAL MEDICINE
250 _a3RD
260 _bA LITTLE BROWN & COMPANY
_aBOSTON (LONDON)
_c1994
300 _a1-305
650 _aMEDICINE
942 _2ddc
_cBK
999 _c4054
_d4054